Erfolgreichste XBox 360-Spiele nach Hauptschurken - Statistiken

Allgemein
  • Dieses Quiz wurde 9 mal gespielt
  • Das Durchschnittsergebnis liegt bei 8 aus 16
Antwortstatistiken
Bildquiz Antwort % Korrekt
Grand Theft Auto V
100%
Minecraft
100%
Halo 3
63%
Halo 4
63%
Call of Duty 4: Modern Warfare
50%
Call of Duty: Black Ops
50%
Call of Duty: Modern Warfare 2
50%
Grand Theft Auto IV
50%
The Elder Scrolls V: Skyrim
50%
Batman: Arkham City
38%
Call of Duty: Black Ops II
38%
Call of Duty: Modern Warfare 3
38%
Gears of War
38%
Gears of War 2
38%
Halo: Reach
25%
Call of Duty: Ghosts
13%
Keine übereinstimmenden Quizze gefunden
Verteilung der Resultate
Anzahl Personen mit jedem Resultat
Perzentil nach korrekt beantworteten Fragen
Ihre Resultats-Entwicklung
Sie haben dieses Quiz noch nicht gespielt